000 00877nam a22003017a 4500
003 OSt
005 20251006105928.0
007 ta
008 251006s2024 ag ||||| |||| 00| 0 spa d
020 _a9789915684192
040 _ccj catamarca
082 _a343.222.4 B548
100 1 0 _9285
_aBerruezo, Rafael
_edirector
245 1 0 _aIgnorancia deliberada y ceguera ante los hechos en derecho penal
250 _a1º ed.
260 _aMontevideo, Bs. As.:
_bB de F,
_c2024
300 _aV.2, 166 p.
_c23 cm
490 _aCuadernos practicos
_v2
500 _aINVENTARIO Nº 8113
650 7 _2SAIJ
653 _aDERECHO PENAL
653 _aDOLO
653 _aIGNORANCIA-CEGUERA
653 _aCASO "BAEZ SOSA"
700 1 0 _9287
_aPedernera, Esteban
856 _uhttps://drive.google.com/file/d/1qws5-tqy_uRIDg-AxfEUC6pJG4zNCXY4/view?usp=sharing
942 _2ddc
_cBK
_n0
999 _c6496
_d6496